000 00900nas a2200301 4500
001 BR0700717
003 BR-BrBNA
005 20231205110546.0
007 ta
008 230509b bl.|||p| |||| 00| 00por d
040 _aBR-BrBNA
_bpor
_cBiblioteca Nacional de Agricultura
041 _a(Pt)
072 _aF01; F06
100 1 _aAzevedo, B.M. de
100 1 _aChaves, S.W.P.
100 1 _aMedeiros, J.F. de
100 1 _aAquino, B.F. de
100 1 _aBezerra, F.M.L.
100 1 _aViana, T.V. de A.
245 1 _aRendimento da pimenteira em função de lâminas de irrigação
650 _aPIMENTA
650 _aRENDIMENTO
650 _aIRRIGAÇÃO POR GOTEJAMENTO
650 _aCONDIÇÃO AMBIENTAL
773 0 _tRevista Ciência Agronômica (Brazil)
_xISSN 0045-6888
_g(2005), v. 36(3) p. 268-273
_wBR0700717
909 _a202311
_bLúcia
_c55
_dLúcia Elande
942 _2AGRIS
_n0
_cANA
999 _c187919
_d187919